|
|
|
|
| LEADER |
00000cam a2200000 7i4500 |
| 001 |
0000029900 |
| 005 |
20241129.0 |
| 008 |
220720 my may |
| 020 |
|
|
|a 9789678924009
|
| 040 |
|
|
|a INS
|b eng
|e rda
|
| 090 |
0 |
0 |
|a KPG4526.A31972
|b M35 2021
|
| 110 |
1 |
|
|a Malaysia
|
| 240 |
0 |
0 |
|a [Akta Rahsia Rasmi 1972 (Akta 88)]
|
| 245 |
0 |
0 |
|a Akta Rahsia Rasmi 1972 (Akta 88) & Official Secrets Act 1972 (Act 88) :
|b (Hingga 25hb Februari 2021)
|c Disusun oleh Lembaga Penyelidikan Undang-undang
|
| 264 |
|
1 |
|a Petaling Jaya :
|b International Law Book Services
|c 2021
|
| 300 |
|
|
|a 66 pages ;
|c 24 cm.
|
| 336 |
|
|
|a text
|2 rdacontent
|
| 337 |
|
|
|a unmediated
|2 rdamedia
|
| 338 |
|
|
|a volume
|2 rdacarrier
|
| 490 |
0 |
|
|a Law of Malaysia
|
| 650 |
|
0 |
|a Defense information, Classified
|x Law and legislation
|z Malaysia
|
| 650 |
|
0 |
|a Official secrets
|x Malaysia
|x Security classification
|
| 650 |
|
0 |
|a SpiesxLaw and legislation
|z Malaysia
|
| 710 |
1 |
|
|a International Law Book Services. Lembaga Penyelidikan Undang-unbdang
|
| 999 |
|
|
|a 1000004362
|b BOOK
|c Acts
|e Default branch
|